[Event "CZE-chT2E 0910"]
[Site "Czech Republic"]
[Date "2010.03.28"]
[Round "10.6"]
[White "Berisha, Fadil"]
[Black "Vlacil, Vladimir"]
[Result "1-0"]
[WhiteElo "2025"]
[BlackElo "2060"]
[PlyCount "149"]
[EventDate "2009.10.18"]
[EventType "team-tourn"]
[EventRounds "11"]
[EventCountry "CZE"]
[SourceTitle "EXT 2012"]
[Source "ChessBase"]
[SourceDate "2011.11.24"]
[SourceVersion "1"]
[SourceVersionDate "2011.11.24"]
[SourceQuality "1"]
[WhiteTeam "Brno 64"]
[BlackTeam "Prostejov"]
[WhiteTeamCountry "CZE"]
[BlackTeamCountry "CZE"]

1. e4 c5 2. Nf3 e6 3. d4 cxd4 4. Nxd4 a6 5. Bd3 Qc7 6. 0-0 Nc6 7. Nb3 Nf6 8. Nc3 Be7 9. f4 d6 10. Bd2 0-0 11. Qf3 Nd7 12. Rae1 Nc5 13. Nxc5 dxc5 14. e5 Nd4 15. Qh3 g6 16. Nd1 Rd8 17. Bc3 b5 18. Nf2 Bf8 19. Ne4 Bg7 20. Nd6 Bf8 21. Bxd4 cxd4 22. Ne4 h6 23. Rf3 Kg7 24. Rg3 Be7 25. Nf2 Bb7 26. Qg4 h5 27. Qxh5 Rh8 28. Qe2 Bh4 29. Rh3 Bxf2+ 30. Qxf2 Rxh3 31. gxh3 Qa5 32. a3 Rh8 33. h4 b4 34. axb4 Qxb4 35. b3 Qe7 36. Qxd4 Qxh4 37. Qf2 Qxf2+ 38. Kxf2 Rxh2+ 39. Ke3 Rh3+ 40. Kd4 Rh4 41. Ke3 Rh2 42. Rf1 Kf8 43. Rf2 Rh1 44. Kd4 Ra1 45. Kc5 a5 46. Bb5 Ra2 47. Kd4 Bd5 48. Kc3 Be4 49. Bd3 Bxd3 50. Kxd3 a4 51. b4 Rb2 52. Kc3 Rb1 53. Kc4 a3 54. c3 Rb2 55. Rf1 Ke7 56. Kb5 Kd7 57. Rd1+ Ke7 58. Rd6 Rf2 59. Ra6 a2 60. c4 Rxf4 61. Rxa2 Rf5 62. Ra7+ Kd8 63. Ra8+ Kc7 64. Ra7+ Kb8 65. Kb6 Rf4 66. Rc7 g5 67. b5 f6 68. Rg7 Kc8 69. exf6 Rxf6 70. c5 e5+ 71. c6 Rf8 72. Rxg5 Re8 73. Rg3 e4 74. Ra3 Kb8 75. c7+ 1-0

[Event "CZE-chT2E 0910"]
[Site "Czech Republic"]
[Date "2010.02.28"]
[Round "8.7"]
[White "Studeny, Radovan"]
[Black "Berisha, Fadil"]
[Result "1-0"]
[WhiteElo "2074"]
[BlackElo "2025"]
[PlyCount "71"]
[EventDate "2009.10.18"]
[EventType "team-tourn"]
[EventRounds "11"]
[EventCountry "CZE"]
[SourceTitle "EXT 2012"]
[Source "ChessBase"]
[SourceDate "2011.11.24"]
[SourceVersion "1"]
[SourceVersionDate "2011.11.24"]
[SourceQuality "1"]
[WhiteTeam "Stare Mesto II"]
[BlackTeam "Brno 64"]
[WhiteTeamCountry "CZE"]
[BlackTeamCountry "CZE"]

1. e4 c5 2. Nf3 Nc6 3. d4 cxd4 4. Nxd4 Nf6 5. Nc3 e6 6. Ndb5 Bb4 7. a3 Bxc3+ 8. Nxc3 d5 9. exd5 exd5 10. Bg5 d4 11. Qe2+ Be6 12. 0-0-0 h6 13. Bh4 Qc7 14. Bg3 Qb6 15. Nb5 0-0 16. Bc7 Qc5 17. Bd6 Qg5+ 18. f4 Qg6 19. Nxd4 Nxd4 20. Rxd4 Rfe8 21. Be5 Rac8 22. c3 Nd7 23. Qb5 Nc5 24. Bc4 a6 25. Qb4 Bxc4 26. Qxc4 b5 27. Qd5 Ne6 28. Rdd1 Red8 29. Qf3 f6 30. f5 Qg5+ 31. Kb1 Nc5 32. h4 Rxd1+ 33. Rxd1 Qxh4 34. Bf4 Na4 35. g4 Re8 36. Ka2 1-0

[Event "CZE-chT2E 0910"]
[Site "Czech Republic"]
[Date "2010.01.31"]
[Round "6.6"]
[White "Berisha, Fadil"]
[Black "Bacak, Martin"]
[Result "1-0"]
[WhiteElo "2025"]
[BlackElo "2132"]
[PlyCount "43"]
[EventDate "2009.10.18"]
[EventType "team-tourn"]
[EventRounds "11"]
[EventCountry "CZE"]
[SourceTitle "EXT 2012"]
[Source "ChessBase"]
[SourceDate "2011.11.24"]
[SourceVersion "1"]
[SourceVersionDate "2011.11.24"]
[SourceQuality "1"]
[WhiteTeam "Brno 64"]
[BlackTeam "Kromeriz II"]
[WhiteTeamCountry "CZE"]
[BlackTeamCountry "CZE"]

1. e4 e5 2. Bc4 Nc6 3. Nf3 Be7 4. d4 exd4 5. Nxd4 d6 6. Nxc6 bxc6 7. Nc3 Nf6 8. Bd3 0-0 9. 0-0 d5 10. e5 Ng4 11. Bf4 f6 12. exf6 Bxf6 13. Bg3 Rb8 14. Rb1 Be6 15. Na4 Qc8 16. b3 h5 17. Nc5 Bf7 18. Qf3 Ne5 19. Bxe5 Bxe5 20. Bf5 Qd8 21. Nd7 Rb4 22. Nxe5 1-0

[Event "CZE-chT2E 0910"]
[Site "Czech Republic"]
[Date "2009.11.22"]
[Round "3.7"]
[White "Vlk, Miroslav"]
[Black "Berisha, Fadil"]
[Result "1/2-1/2"]
[WhiteElo "2067"]
[BlackElo "2025"]
[PlyCount "71"]
[EventDate "2009.10.18"]
[EventType "team-tourn"]
[EventRounds "11"]
[EventCountry "CZE"]
[SourceTitle "EXT 2012"]
[Source "ChessBase"]
[SourceDate "2011.11.24"]
[SourceVersion "1"]
[SourceVersionDate "2011.11.24"]
[SourceQuality "1"]
[WhiteTeam "Znojmo"]
[BlackTeam "Brno 64"]
[WhiteTeamCountry "CZE"]
[BlackTeamCountry "CZE"]

1. d4 d5 2. c4 e6 3. Nc3 c6 4. cxd5 exd5 5. Nf3 Bd6 6. Bg5 f6 7. Bh4 Ne7 8. e3 0-0 9. Bd3 Bf5 10. 0-0 Bxd3 11. Qxd3 Ng6 12. Bg3 Bxg3 13. hxg3 Nd7 14. Na4 Qe7 15. Rfc1 Rfe8 16. Rab1 Ngf8 17. b4 b5 18. Nc5 Nb6 19. a4 a6 20. a5 Nc4 21. Re1 Ne6 22. Nxe6 Qxe6 23. Nd2 Qd6 24. Qc3 Re7 25. Nb3 Qd7 26. Nc5 Qf5 27. Qd3 Qg4 28. Rbc1 Nb2 29. Qe2 Qxe2 30. Rxe2 Nc4 31. g4 Nd6 32. f3 Nc4 33. Kf2 Kf7 34. Rce1 Nd6 35. e4 dxe4 36. fxe4 1/2-1/2

[Event "CZE-chT2e 0607"]
[Site "Czech Republic"]
[Date "2007.01.14"]
[Round "6.6"]
[White "Houzva, Viktor"]
[Black "Berisha, Fadil"]
[Result "0-1"]
[WhiteElo "1981"]
[BlackElo "2069"]
[PlyCount "112"]
[EventDate "2006.10.15"]
[EventType "team"]
[EventRounds "11"]
[EventCountry "CZE"]
[SourceTitle "EXT 2009"]
[Source "ChessBase"]
[SourceDate "2008.11.26"]
[SourceVersion "1"]
[SourceVersionDate "2008.11.26"]
[SourceQuality "1"]

1. e4 c5 2. c3 d5 3. exd5 Qxd5 4. d4 Nf6 5. Nf3 e6 6. Be2 Nc6 7. Na3 cxd4 8. Nb5 Qd8 9. Nbxd4 Be7 10. 0-0 0-0 11. Nxc6 bxc6 12. Bf4 Qb6 13. Qc2 c5 14. Ne5 Bb7 15. Nc4 Qc6 16. Bf3 Qc8 17. Nd6 Bxd6 18. Bxd6 Bxf3 19. Bxf8 Be4 20. Qa4 Kxf8 21. Rfe1 Qc6 22. Qxc6 Bxc6 23. Re5 Nd7 24. Rh5 h6 25. f3 Ke7 26. Kf2 Rh8 27. b4 g6 28. Rh3 c4 29. f4 Nf6 30. a4 Ng4+ 31. Kg1 Rd8 32. Rg3 Nf6 33. b5 Bb7 34. a5 Nd5 35. Rf3 Nc7 36. b6 axb6 37. axb6 Nd5 38. Rf2 Kd6 39. Rd2 Ra8 40. Ra7 Kc6 41. Rd4 Nxb6 42. Rxa8 Bxa8 43. Rd8 Kc7 44. Rf8 Be4 45. Rxf7+ Kd6 46. Kf2 Nd5 47. g4 Nxc3 48. Ke3 Bd3 49. Rh7 Nd5+ 50. Kd2 Nxf4 51. Rxh6 Nd5 52. h4 Be4 53. h5 gxh5 54. gxh5 c3+ 55. Ke1 Nb4 56. Rh8 c2 0-1

[Event "Brno Trade op-A"]
[Site "Brno"]
[Date "2005.09.01"]
[Round "5"]
[White "Kuchynka, Lukas"]
[Black "Berisha, Fadil"]
[Result "1/2-1/2"]
[WhiteElo "2021"]
[BlackElo "2083"]
[PlyCount "61"]
[EventDate "2005.08.28"]
[EventType "swiss"]
[EventRounds "9"]
[EventCountry "CZE"]
[SourceTitle "CBM 108 Extra"]
[Source "ChessBase"]
[SourceDate "2005.11.04"]
[SourceVersion "1"]
[SourceVersionDate "2005.11.04"]
[SourceQuality "1"]

1. e4 c5 2. Nf3 Nc6 3. d4 cxd4 4. Nxd4 d5 5. Bb5 dxe4 6. Nxc6 Qxd1+ 7. Kxd1 a6 8. Nc3 axb5 9. Nxb5 Bg4+ 10. Ke1 Rc8 11. Ne5 Bh5 12. Nc3 e6 13. h3 Nf6 14. a3 Bc5 15. f4 exf3 16. Nxf3 Bg6 17. Kd1 0-0 18. Bd2 Rfd8 19. Kc1 Bb6 20. Ne5 Ne4 21. Nxg6 Nxd2 22. Ne7+ Kf8 23. Nxc8 Be3 24. Nd1 Bh6 25. Na7 Nf1+ 26. Kb1 Rxd1+ 27. Ka2 Rxa1+ 28. Kxa1 Ne3 29. g4 Nxc2+ 30. Ka2 Nd4 31. Rd1 1/2-1/2

[Event "Brno op"]
[Site "Brno"]
[Date "2005.07.06"]
[Round "5"]
[White "Neumanova, Monika"]
[Black "Berisha, Fadil"]
[Result "0-1"]
[WhiteElo "1712"]
[BlackElo "2083"]
[PlyCount "56"]
[EventDate "2005.07.02"]
[EventType "swiss"]
[EventRounds "7"]
[EventCountry "CZE"]
[SourceTitle "EXT 2006"]
[Source "ChessBase"]
[SourceDate "2005.11.24"]
[SourceVersion "1"]
[SourceVersionDate "2005.11.24"]
[SourceQuality "1"]

1. d4 d5 2. c4 e6 3. Nc3 c6 4. Nf3 dxc4 5. a4 Bb4 6. Bd2 a5 7. e3 b5 8. axb5 Bxc3 9. Bxc3 cxb5 10. b3 Bb7 11. bxc4 b4 12. Bb2 Nf6 13. Be2 Nbd7 14. 0-0 0-0 15. Nd2 Qc7 16. Qc2 a4 17. Rxa4 Qc6 18. Bf3 Qxa4 19. Qxa4 Rxa4 20. Bxb7 Ra2 21. Rb1 Nb6 22. Bc1 Rb8 23. Rxb4 Rxb7 24. c5 Nfd5 25. Rb3 Rc7 26. Nc4 Rc2 27. Ba3 Rxc4 28. cxb6 Rc1+ 0-1

[Event "Brno op"]
[Site "Brno"]
[Date "2005.07.02"]
[Round "1"]
[White "Mudrak, Josef"]
[Black "Berisha, Fadil"]
[Result "1-0"]
[WhiteElo "2318"]
[BlackElo "2083"]
[PlyCount "51"]
[EventDate "2005.07.02"]
[EventType "swiss"]
[EventRounds "7"]
[EventCountry "CZE"]
[SourceTitle "EXT 2006"]
[Source "ChessBase"]
[SourceDate "2005.11.24"]
[SourceVersion "1"]
[SourceVersionDate "2005.11.24"]
[SourceQuality "1"]

1. d4 d5 2. Nf3 c6 3. g3 Nf6 4. Bg2 e6 5. 0-0 Be7 6. c4 Nbd7 7. b3 0-0 8. Bb2 b6 9. Nc3 Bb7 10. Rc1 c5 11. cxd5 Nxd5 12. Na4 N5f6 13. a3 Rc8 14. dxc5 Nxc5 15. Nxc5 Bxc5 16. b4 Qxd1 17. Rfxd1 Be7 18. Ne5 Bxg2 19. Kxg2 Rxc1 20. Rxc1 Ra8 21. Rc7 Bd6 22. Rb7 Bxe5 23. Bxe5 Nd5 24. e4 f6 25. exd5 fxe5 26. dxe6 1-0

[Event "Brno Trade op"]
[Site "Brno"]
[Date "2004.08.29"]
[Round "1"]
[White "Malis, Jiri"]
[Black "Berisha, Fadil"]
[Result "1-0"]
[WhiteElo "2211"]
[BlackElo "2075"]
[PlyCount "63"]
[EventDate "2004.08.??"]
[EventType "swiss"]
[EventRounds "9"]
[EventCountry "CZE"]
[SourceTitle "CBM 103 Extra"]
[Source "ChessBase"]
[SourceDate "2005.01.01"]
[SourceVersion "1"]
[SourceVersionDate "2005.01.01"]
[SourceQuality "1"]

1. g3 Nf6 2. Bg2 d5 3. Nf3 c6 4. 0-0 e6 5. d3 Be7 6. Nbd2 Nbd7 7. e4 0-0 8. Qe2 b6 9. e5 Ne8 10. h4 Ba6 11. Re1 Rc8 12. Nf1 c5 13. Bg5 Nc7 14. Bxe7 Qxe7 15. Ne3 Rfd8 16. h5 h6 17. Ng4 c4 18. Qe3 Qf8 19. d4 b5 20. Nh4 Rb8 21. f4 f5 22. exf6 Nxf6 23. Ne5 Rb6 24. Bf3 Bc8 25. g4 Nce8 26. Nhg6 Qd6 27. g5 hxg5 28. fxg5 Ne4 29. Qf4 Rb7 30. Bxe4 dxe4 31. Rxe4 Rc7 32. Rf1 1-0

[Event "Brno Duras BVK op-A"]
[Site "Brno"]
[Date "2004.07.09"]
[Round "7"]
[White "Berisha, Fadil"]
[Black "Horyna, Josef"]
[Result "1/2-1/2"]
[WhiteElo "2075"]
[BlackElo "1940"]
[PlyCount "150"]
[EventDate "2004.07.??"]
[EventType "swiss"]
[EventRounds "9"]
[EventCountry "CZE"]
[SourceTitle "EXT 2005"]
[Source "ChessBase"]
[SourceDate "2004.11.15"]
[SourceVersion "1"]
[SourceVersionDate "2004.11.15"]
[SourceQuality "1"]

1. e4 d6 2. d4 e5 3. Nc3 c6 4. dxe5 dxe5 5. Qxd8+ Kxd8 6. Bc4 f6 7. Be3 Kc7 8. 0-0-0 Bb4 9. Nce2 Nh6 10. a3 Be7 11. f3 Rf8 12. Ng3 Ng8 13. Nh5 g6 14. Ng7 b5 15. Ba2 a5 16. Ne6+ Bxe6 17. Bxe6 Ra6 18. c4 f5 19. Ne2 f4 20. Bf2 Nf6 21. Kb1 b4 22. a4 c5 23. Bh3 Rd6 24. Rxd6 Bxd6 25. Nc1 Nc6 26. Nd3 Kb6 27. Rd1 Be7 28. Kc2 Rd8 29. b3 g5 30. Be6 Nd4+ 31. Bxd4 exd4 32. Re1 Kc7 33. Bd5 Nd7 34. h4 h6 35. hxg5 Bxg5 36. Be6 Kd6 37. Bxd7 Rxd7 38. e5+ Kc6 39. e6 Re7 40. Re5 Kd6 41. Rd5+ Kxe6 42. Re5+ Kd6 43. Rxe7 Bxe7 44. Nxf4 Bg5 45. Nd3 Be7 46. Kd2 Ke6 47. g4 Bd6 48. Ke2 Kf6 49. f4 Kg6 50. Kf3 Kf6 51. Ke4 Ke6 52. Nf2 Be7 53. Nd3 Bd6 54. g5 hxg5 55. fxg5 Be7 56. Nf4+ Kf7 57. Kf5 Bd6 58. g6+ Kg8 59. Nd3 Kg7 60. Ke6 Bf8 61. Ne5 Kg8 62. Kd5 Kg7 63. Kc6 Kf6 64. Nd3 Kxg6 65. Kb5 Kf5 66. Kxa5 Ke4 67. Nb2 d3 68. Nxd3 Kxd3 69. Kb6 Be7 70. Kc7 Kc3 71. a5 Kxb3 72. a6 Kxc4 73. a7 Bf6 74. a8Q Bd4 75. Qg8+ Kc3 1/2-1/2

[Event "Brno Duras BVK op-A"]
[Site "Brno"]
[Date "2004.07.08"]
[Round "6"]
[White "Lasinskas, Povilas"]
[Black "Berisha, Fadil"]
[Result "1-0"]
[WhiteElo "2234"]
[BlackElo "2075"]
[PlyCount "59"]
[EventDate "2004.07.??"]
[EventType "swiss"]
[EventRounds "9"]
[EventCountry "CZE"]
[SourceTitle "EXT 2005"]
[Source "ChessBase"]
[SourceDate "2004.11.15"]
[SourceVersion "1"]
[SourceVersionDate "2004.11.15"]
[SourceQuality "1"]

1. e4 c5 2. Nf3 e6 3. g3 Nc6 4. Bg2 d6 5. 0-0 Nf6 6. Re1 Be7 7. d4 cxd4 8. Nxd4 0-0 9. b3 Bd7 10. Bb2 Nxd4 11. Bxd4 Bc6 12. Nd2 Qc7 13. c4 Rfd8 14. Rc1 Qa5 15. Bc3 Qb6 16. Qe2 Ne8 17. Nf1 Bf6 18. g4 Bxc3 19. Rxc3 Nc7 20. Rh3 e5 21. g5 g6 22. Ne3 Ne6 23. Qg4 Nf4 24. Qh4 Nxh3+ 25. Bxh3 Kf8 26. Qxh7 Qd4 27. Qh8+ Ke7 28. Qf6+ Kf8 29. Be6 Rd7 30. Bxd7 1-0

[Event "Brno Petria-C"]
[Site "Brno"]
[Date "2004.03.02"]
[Round "3"]
[White "Cagasik, Petr"]
[Black "Berisha, Fadil"]
[Result "1-0"]
[WhiteElo "2124"]
[BlackElo "1921"]
[PlyCount "81"]
[EventDate "2004.02.24"]
[EventType "tourn"]
[EventRounds "9"]
[EventCountry "CZE"]
[SourceTitle "EXT 2006"]
[Source "ChessBase"]
[SourceDate "2005.11.24"]
[SourceVersion "1"]
[SourceVersionDate "2005.11.24"]
[SourceQuality "1"]

1. d4 d5 2. Nc3 Nf6 3. Bg5 Nbd7 4. Qd2 e6 5. f3 Be7 6. e4 c5 7. exd5 Nxd5 8. Bxe7 Qxe7 9. dxc5 Qxc5 10. Nxd5 Qxd5 11. Qxd5 exd5 12. Bb5 a6 13. Bxd7+ Bxd7 14. 0-0-0 Be6 15. Ne2 0-0-0 16. Rhe1 Rhe8 17. Nf4 Kc7 18. Nxd5+ Bxd5 19. Rxe8 Rxe8 20. Rxd5 Re1+ 21. Kd2 Rg1 22. Rg5 g6 23. h4 Rf1 24. Re5 Kd7 25. c4 Rh1 26. h5 Rh2 27. Rg5 Ke7 28. hxg6 hxg6 29. Kc3 Rh1 30. Rd5 Rc1+ 31. Kb3 Re1 32. Rd2 Re5 33. Kb4 b6 34. b3 Rg5 35. a4 Re5 36. Rd5 Re6 37. a5 Rc6 38. axb6 Rxb6+ 39. Ka4 Ke6 40. Rd3 g5 41. c5 1-0

[Event "Brno Petria-C"]
[Site "Brno"]
[Date "2004.02.26"]
[Round "2"]
[White "Berisha, Fadil"]
[Black "Petrilak, Jan"]
[Result "1-0"]
[WhiteElo "1921"]
[BlackElo "1626"]
[PlyCount "59"]
[EventDate "2004.02.24"]
[EventType "tourn"]
[EventRounds "9"]
[EventCountry "CZE"]
[SourceTitle "EXT 2006"]
[Source "ChessBase"]
[SourceDate "2005.11.24"]
[SourceVersion "1"]
[SourceVersionDate "2005.11.24"]
[SourceQuality "1"]

1. e4 e5 2. Nf3 Nc6 3. Bb5 a6 4. Ba4 Nf6 5. 0-0 b5 6. Bb3 Be7 7. Re1 0-0 8. h3 Nd4 9. Nxe5 d6 10. Nf3 Nxb3 11. axb3 c5 12. d3 h6 13. Bf4 Nh7 14. Nc3 Ng5 15. Nd5 Nxf3+ 16. Qxf3 Bg5 17. e5 Bxf4 18. Nxf4 Be6 19. Nxe6 fxe6 20. Qg4 Rf5 21. Qg6 Qd7 22. exd6 Rf6 23. Qe4 Raf8 24. Rxa6 Kh8 25. f3 Rc8 26. Rea1 Rf5 27. Ra8 Rd5 28. c4 Rd4 29. Rxc8+ Qxc8 30. Ra8 1-0

[Event "Brno Dedek Memorial-B"]
[Site "Brno"]
[Date "2004.01.15"]
[Round "4"]
[White "Berisha, Fadil"]
[Black "Smistik, Milan"]
[Result "1/2-1/2"]
[WhiteElo "1921"]
[BlackElo "2244"]
[PlyCount "42"]
[EventDate "2004.01.06"]
[EventType "tourn"]
[EventRounds "9"]
[EventCountry "CZE"]
[SourceTitle "EXT 2006"]
[Source "ChessBase"]
[SourceDate "2005.11.24"]
[SourceVersion "1"]
[SourceVersionDate "2005.11.24"]
[SourceQuality "1"]

1. e4 c6 2. d4 d5 3. exd5 cxd5 4. c4 Nf6 5. Nc3 Nc6 6. Nf3 Bg4 7. cxd5 Nxd5 8. Be2 e6 9. 0-0 Be7 10. h3 Bh5 11. Qb3 Qb6 12. Nxd5 Qxb3 13. Nc7+ Kd7 14. axb3 Kxc7 15. g4 Bg6 16. Be3 Rhd8 17. Rfc1 f6 18. d5 Rxd5 19. Nd4 Bf7 20. Bf3 Rxd4 21. Bxd4 a6 1/2-1/2

[Event "Brno Dedek Memorial-B"]
[Site "Brno"]
[Date "2004.01.06"]
[Round "1"]
[White "Turza, Pavel"]
[Black "Berisha, Fadil"]
[Result "1/2-1/2"]
[WhiteElo "1706"]
[BlackElo "1921"]
[PlyCount "86"]
[EventDate "2004.01.06"]
[EventType "tourn"]
[EventRounds "9"]
[EventCountry "CZE"]
[SourceTitle "EXT 2006"]
[Source "ChessBase"]
[SourceDate "2005.11.24"]
[SourceVersion "1"]
[SourceVersionDate "2005.11.24"]
[SourceQuality "1"]

1. Nf3 d5 2. g3 Nd7 3. d3 e5 4. Bg2 Bd6 5. c4 d4 6. Nbd2 Ngf6 7. 0-0 0-0 8. Ng5 c6 9. Nge4 Be7 10. Nxf6+ Nxf6 11. Nf3 Qc7 12. Nh4 Be6 13. f4 exf4 14. Bxf4 Qa5 15. Nf3 Rad8 16. Ng5 Bc8 17. a3 c5 18. Qb3 Nh5 19. Bxb7 Nxf4 20. gxf4 Bxb7 21. Qxb7 Bxg5 22. b4 Qa4 23. fxg5 Rd7 24. Qb5 Qxb5 25. cxb5 cxb4 26. axb4 Re8 27. Rf2 Re5 28. b6 Ree7 29. Rxa7 Rxa7 30. bxa7 Rxa7 31. Rf4 Rd7 32. Kf2 Kf8 33. e3 dxe3+ 34. Kxe3 Rd5 35. h4 Rb5 36. Rc4 Ke7 37. Kd4 Kd6 38. Kc3 h6 39. gxh6 gxh6 40. Rf4 f5 41. Kc4 Kc6 42. Rd4 Rb8 43. Rf4 Rb5 1/2-1/2

[Event "Bohemia South-chT 0405"]
[Site "Czech Republic"]
[Date "2004.??.??"]
[Round "?"]
[White "Berisha, Fadil"]
[Black "Kuchynka, Lukas"]
[Result "1-0"]
[WhiteElo "2085"]
[BlackElo "2000"]
[PlyCount "79"]
[EventDate "2004.10.??"]
[EventType "team"]
[EventRounds "11"]
[EventCountry "CZE"]
[SourceTitle "EXT 2007"]
[Source "ChessBase"]
[SourceDate "2006.11.23"]
[SourceVersion "1"]
[SourceVersionDate "2006.11.23"]
[SourceQuality "1"]

1. e4 e5 2. Bc4 Nf6 3. Nf3 Nxe4 4. Nc3 Nxc3 5. dxc3 f6 6. 0-0 d6 7. Nh4 g6 8. f4 Qe7 9. f5 Qg7 10. Bd3 g5 11. Qh5+ Kd8 12. Nf3 h6 13. c4 Bd7 14. Nd2 Nc6 15. c3 Be8 16. Qf3 g4 17. Qe4 Bf7 18. b4 Kc8 19. Nb3 Qg8 20. Qe2 h5 21. Be3 Bh6 22. Bxh6 Rxh6 23. Nd2 Ne7 24. b5 d5 25. c5 e4 26. Bc2 Qg5 27. Bxe4 dxe4 28. Nxe4 Qg8 29. Nxf6 Rxf6 30. Qxe7 Qd8 31. Qe5 Rh6 32. Qg7 Rf6 33. Rad1 Qe7 34. Rfe1 Qxc5+ 35. Kh1 b6 36. Qxf6 Bxa2 37. Re5 Qc4 38. Qc6 Qxc6 39. bxc6 Bf7 40. Re7 1-0

[Event "Olexa Memorial op-A"]
[Site "Brno"]
[Date "2004.??.??"]
[Round "5"]
[White "Berisha, Fadil"]
[Black "Vesely, Jaromir"]
[Result "0-1"]
[WhiteElo "2075"]
[BlackElo "2116"]
[PlyCount "54"]
[EventDate "2004.12.??"]
[EventType "swiss"]
[EventRounds "7"]
[EventCountry "CZE"]
[SourceTitle "EXT 2007"]
[Source "ChessBase"]
[SourceDate "2006.11.23"]
[SourceVersion "1"]
[SourceVersionDate "2006.11.23"]
[SourceQuality "1"]

1. e4 e6 2. d4 d5 3. Nd2 f5 4. exf5 exf5 5. Bd3 Nf6 6. Ngf3 Bd6 7. 0-0 0-0 8. c4 c6 9. b3 Ne4 10. Re1 Be6 11. Nf1 Nd7 12. c5 Bc7 13. a3 Bf7 14. Ng3 Bg6 15. Bxe4 fxe4 16. Ng5 Qf6 17. Nh3 h6 18. Be3 Qh4 19. b4 Nf6 20. a4 Ng4 21. Qd2 Bf5 22. Nxf5 Bxh2+ 23. Kh1 Rxf5 24. Rf1 Raf8 25. Rae1 Rf3 26. Bg5 hxg5 27. Qxg5 Rxh3 0-1

[Event "Olexa Memorial op-A"]
[Site "Brno"]
[Date "2004.??.??"]
[Round "2"]
[White "Berisha, Fadil"]
[Black "Vymazal, Bronislav"]
[Result "0-1"]
[WhiteElo "2075"]
[BlackElo "2062"]
[PlyCount "48"]
[EventDate "2004.12.??"]
[EventType "swiss"]
[EventRounds "7"]
[EventCountry "CZE"]
[SourceTitle "EXT 2007"]
[Source "ChessBase"]
[SourceDate "2006.11.23"]
[SourceVersion "1"]
[SourceVersionDate "2006.11.23"]
[SourceQuality "1"]

1. e4 c5 2. Nf3 d6 3. d4 cxd4 4. Nxd4 Nf6 5. Nc3 a6 6. f3 e6 7. Be3 b5 8. Qd2 Bb7 9. 0-0-0 Nbd7 10. g4 h6 11. h4 b4 12. Na4 d5 13. exd5 Nxd5 14. Kb1 Qa5 15. b3 Nc5 16. Ne2 Nxa4 17. bxa4 Rd8 18. Qc1 Be7 19. Rh3 0-0 20. Bd2 Nc3+ 21. Bxc3 bxc3 22. Rxd8 Rxd8 23. f4 Qb4+ 24. Ka1 Rd1 0-1

[Event "Bohemia South-chT 0405"]
[Site "Czech Republic"]
[Date "2004.??.??"]
[Round "?"]
[White "Majer, Jiri Sr"]
[Black "Berisha, Fadil"]
[Result "1-0"]
[WhiteElo "2120"]
[BlackElo "1975"]
[PlyCount "43"]
[EventDate "2004.10.??"]
[EventType "team"]
[EventRounds "11"]
[EventCountry "CZE"]
[SourceTitle "EXT 2007"]
[Source "ChessBase"]
[SourceDate "2006.11.23"]
[SourceVersion "1"]
[SourceVersionDate "2006.11.23"]
[SourceQuality "1"]

1. d4 d5 2. c4 e6 3. Nc3 c6 4. e3 Nf6 5. Nf3 Nbd7 6. Qc2 Bd6 7. Bd3 0-0 8. 0-0 dxc4 9. Bxc4 e5 10. Rd1 exd4 11. Rxd4 Qe7 12. Qd1 Bc7 13. Qc2 Ne5 14. Be2 Re8 15. b3 Nxf3+ 16. Bxf3 Qe5 17. g3 Bf5 18. Qb2 Rad8 19. Rxd8 Rxd8 20. e4 Nxe4 21. Bxe4 Bxe4 22. Bf4 1-0

[Event "Olexa Memorial op-A"]
[Site "Brno"]
[Date "2004.??.??"]
[Round "1"]
[White "Vechet, Stanislav"]
[Black "Berisha, Fadil"]
[Result "1/2-1/2"]
[WhiteElo "2255"]
[BlackElo "2085"]
[PlyCount "75"]
[EventDate "2004.12.??"]
[EventType "swiss"]
[EventRounds "7"]
[EventCountry "CZE"]
[SourceTitle "EXT 2007"]
[Source "ChessBase"]
[SourceDate "2006.11.23"]
[SourceVersion "1"]
[SourceVersionDate "2006.11.23"]
[SourceQuality "1"]

1. d4 d5 2. c4 e6 3. Nf3 c6 4. e3 Nf6 5. Nc3 Nbd7 6. Qc2 Bd6 7. Bd3 0-0 8. 0-0 dxc4 9. Bxc4 e5 10. dxe5 Nxe5 11. Nxe5 Bxe5 12. f4 Bc7 13. Bd2 Bf5 14. Qd1 Bd3 15. Bxd3 Qxd3 16. Rf2 Ne4 17. Nxe4 Qxe4 18. Qf3 Rfe8 19. Re1 Bb6 20. Qxe4 Rxe4 21. g3 Rae8 22. Rfe2 f5 23. Kf2 Kf7 24. Kf3 g6 25. Bc3 Bc5 26. h3 Bb4 27. Bxb4 Rxb4 28. Rd1 Rbe4 29. Rd3 c5 30. g4 b6 31. gxf5 gxf5 32. Rg2 h6 33. Rd7+ R4e7 34. Rxe7+ Rxe7 35. Rd2 Ke6 36. Rg2 Kf7 37. Rd2 Ke6 38. Rg2 1/2-1/2